Readings in distributed artificial intelligence : Obs. Part I.: 1 - 158 s.. Part II.: 159 - 329 s.. Part III.: 330 - 502 s.. Part IV.: 503 - 649 s /

Salvato in:
Dettagli Bibliografici
Altri autori: Bond, A.H. and o (Compilatore)
Natura: Libro
Lingua:inglese
Pubblicazione: San Mateo : Morgan Kaufmann Publishers, 1988
Tags: Aggiungi Tag
Nessun Tag, puoi essere il primo ad aggiungerne!!

MARC

LEADER 00000nam a22000003a 4500
001 stu289
005 20150617225655.7
008 910507s1988----xxu-----------------eng-d
020 |a 0-934613-63-X 
040 |a STU  |b slo 
041 0 |a eng 
044 |a xxu 
080 |a 681.322.06 
080 |a 519.71  |7 stu_us_auth*stu8254 
080 |a 519.685  |7 stu_us_auth*stu8263 
080 |a 681.324.013 
100 1 |a Bond, A.H. and o  |4 com 
245 1 |a Readings in distributed artificial intelligence :  |b Obs. Part I.: 1 - 158 s.. Part II.: 159 - 329 s.. Part III.: 330 - 502 s.. Part IV.: 503 - 649 s /  |c Edit.: Bond,A.H. and o 
260 |a San Mateo :  |b Morgan Kaufmann Publishers,  |c 1988 
300 |a 158 s 
996 |c I*13UI4536  |l I  |s A  |a 24  |w stu289_0001 
996 |c I*13UI4537  |l I  |s A  |a 24  |w stu289_0002 
996 |c I*13UI4538  |l I  |s A  |a 24  |w stu289_0003 
996 |c I*13UI4535  |l I  |s A  |a 24  |w stu289_0004